000 00891nas a2200313 4500
001 BR0804512
003 BR-BrBNA
005 20231205111831.0
007 ta
008 230509b bl.|||p| |||| 00| 00por d
040 _aBR-BrBNA
_bpor
_cBiblioteca Nacional de Agricultura
041 _a(Pt)
072 _aL74
100 1 _aDiniz, P.P.V.P.
100 1 _aGerardi, D.G.
100 1 _aAptekmann, K.P.
100 1 _aTinucci-Costa, M.
100 1 _aCanola, J.C.
100 1 _aSantana, A.E.
245 1 _aCarcinoma de células escamosas envolvendo a bula timpânica de felino
_bRelato de caso
650 _aOTITE
650 _aGATO
650 _aCARCINOMA
650 _aTUMOR MALIGNO
650 _aPARALISIA
773 0 _tARS Veterinária (Brazil)
_xISSN 0102-6380
_g(2004), v. 20(3) p. 299-303
_wBR0804512
909 _a202311
_bLúcia
_c55
_dLúcia Elande
942 _2AGRIS
_n0
_cANA
999 _c194706
_d194706